| 000 | 00338nam a22001337a 4500 | ||
|---|---|---|---|
| 008 | 260415b |||||||| |||| 00| 0 eng d | ||
| 020 | _a972-98713-9 | ||
| 100 | _aRENE, Cordeiro | ||
| 245 | _aEstrategia | ||
| 260 |
_aLisboa _bDPI _c2004 |
||
| 300 | _a509P | ||
| 440 | _aO processo raciocĂnio estratĂ©gico em Portugal | ||
| 942 |
_2udc _cBK |
||
| 999 |
_c56102 _d56101 |
||